000 00428nam a2200145Ia 4500
008 231129s1993||||xx |||||||||||||| ||spa||
020 _a84-270-0800-7
040 _bspa
082 _a612.6 B862m
100 _aBritton Bryce
245 0 _aEl músculo del amor : Cómo encontrar y estimular el famoso punto G
260 _c1993
264 _aEdiciones Martí­nez Roca
942 _2ddc
_cBKS
999 _c11821
_d11821